000 00608nam a2200229Ia 4500
003 OSt
005 20220928110516.0
006 a|||||r|||| 00| 0
007 ta
008 220927b |||||||| |||| 00| 0 eng d
024 _a41960
037 _cTextual
040 _aSDCL
_cSDCL
_beng
041 _2eng
_aeng
082 _aO152:g, K6
100 _aMishr Vishvnath Pratap
_9419805
245 0 _aVaangmay-vimarsh.
260 _aVaranasi
_bHindi-saahitya-bhandaar
_c1966
300 _a491p.
_ccm.
942 _hO152:g, K6
_cTEXL
_2CC
999 _c735960
_d735960